| 000 | 00402nam a2200169Ia 4500 | ||
|---|---|---|---|
| 008 | 220805s9999 xx 000 0 und d | ||
| 020 | _a0-7134-8877-8 | ||
| 041 | _aeng | ||
| 082 | _a746.4 | ||
| 100 |
_aTudor,Linda _987478 |
||
| 260 |
_aLondon _bB T Batsford _c2004 |
||
| 245 | _aEmbriodary purses | ||
| 245 | _bdesign and techniques | ||
| 250 | _a1 | ||
| 300 | _a127 | ||
| 650 |
_aEmbroidery _987479 |
||
| 999 |
_c48118 _d48118 |
||